000 00270nam a2200109Ia 4500
008 221009s9999 xx 000 0 und d
082 _a741.642/CAT
100 _aCather,K.D.
_981335
245 0 _aEducating Storytelling
260 _bBetter Books Publication
942 _cBK
999 _c64970
_d64970